Szczegóły MARC21

Południowokresowa polszczyzna Żydów /

003 -Nazwa inst., której nr kontr. jest w polu 001 [,]
    • @
    • Nazwa instytucji, której n kontrolny jest w polu 001
    • NUKAT
005 -DATA I CZAS OSTATNIEJ MODYFIKACJI [,]
    • @
    • pole kontrolne
    • 20250727111128.0
020 -Międzynarod. znormalizowany nr książki - ISBN [ , ]
    • a
    • Numer ISBN
    • 8301012773 Find
040 -Instytucja sporządzająca opis [ , ]
    • a
    • Instytucja, która sporządziła opis (NP)
    • KR 119/RAM
    • c
    • Instytucja, która sporządziła rekord (NP)
    • KR 119/RAM
    • d
    • Instytucja, która zmodyfikowała rekord (P)
    • KR 119/IKs
    • d
    • Instytucja, która zmodyfikowała rekord (P)
    • WA U/MJK
    • d
    • Instytucja, która zmodyfikowała rekord (P)
    • KR U/84BK
041 -Język dokumentu [0, ]
    • a
    • Język tekstu (P)
    • polski
    • b
    • Język streszczeń lub abstraktu (P)
    • angielski
942 -Rodzaj dokumentu [ , ]
    • c
    • Rodzaj dokumentu
    • Książka
100 -Hasło główne - nazwa osobowa [1, ]
    • a
    • Nazwa osobowa (NP)
    • Strycharska-Brzezina, Maria
    • d
    • Daty biograficzne (NP)
    • (1940-2025).
    • 9
    • KHW
    • 17496
245 -Strefa tytułu i oznaczenia odpowiedzialności [1,0]
    • a
    • Tytuł
    • Południowokresowa polszczyzna Żydów / Find
    • c
    • Pozostałe elementy strefy tytułu i oznaczenia odpowiedzialności (NP)
    • Maria Brzezina.
246 -Wariant tytułu [1,5]
    • a
    • Tytuł (NP)
    • De linguarum, quae in Polonia ab extraneis populis usurpantur proprietatibus :
    • b
    • Ciąg dalszy tytułu (NP)
    • de Iudeorum, qui meridionalia Poloniae confinia incolebant, lingua polona
246 -Wariant tytułu [3, ]
    • a
    • Tytuł (NP)
    • De Iudeorum, qui meridionalia Poloniae confinia incolebant, lingua polona
260 -Strefa adresu wydawniczego [ , ]
    • a
    • Miejsce wydania (P)
    • Warszawa ;
    • a
    • Miejsce wydania (P)
    • Kraków :
    • b
    • Nazwa wydawcy (P)
    • Państwowe Wydawnictwo Naukowe,
    • c
    • Data wydania (P)
    • 1979.
300 -Strefa opisu fizycznego [ , ]
    • a
    • Określenie formy książki i/lub objętość (NP)
    • 153, [1] s. ;
    • c
    • Format (NP)
    • 24 cm.
336 -Typ zawartości [ , ]
    • a
    • Termin opisujący typ zawartości
    • Tekst
    • b
    • Kod określający zawartość
    • txt
    • 2
    • Źródło (terminu i kodu)
    • rdacontent
337 -Typ mediów [ , ]
    • a
    • Tryb odtwarzania
    • Bez urządzenia pośredniczącego
    • b
    • Kod typu mediów
    • n
    • 2
    • Źródło (terminu i kodu)
    • rdamedia
338 -Typ/rodzaj nośnika [ , ]
    • a
    • Hasło opisujące typ nośnika
    • Wolumin
    • b
    • Kod typu nośnika
    • nc
    • 2
    • Źródło (terminu i kodu)
    • rdacarrier
490 -Strefa serii i książki wielotomowej - forma nie do wyszukiwania [1, ]
    • a
    • Tytuł (P)
    • Języki mniejszości narodowych w tekstach literackich i folklorystycznych / Maria Brzezina Find
    • v
    • Numeracja (P)
    • 1
490 -Strefa serii i książki wielotomowej - forma nie do wyszukiwania [1, ]
    • a
    • Tytuł (P)
    • Zeszyty Naukowe Uniwersytetu Jagiellońskiego. Prace Językoznawcze, Find
    • x
    • ISSN (NP)
    • 0083-4378 ;
    • v
    • Numeracja (P)
    • z. 65
830 -Hasło dodatkowe serii i opisu książki wielotomowej - tytuł ujednolicony/tytuł [ ,0]
    • a
    • Tytuł ujednolicony/tytuł (NP)
    • Zeszyty Naukowe Uniwersytetu Jagiellońskiego
    • x
    • ISSN
    • 0860-0139
    • v
    • Oznaczenie tomu (NP)
    • 537
    • 9
    • KHW
    • 193
830 -Hasło dodatkowe serii i opisu książki wielotomowej - tytuł ujednolicony/tytuł [ ,0]
    • a
    • Tytuł ujednolicony/tytuł (NP)
    • Zeszyty Naukowe Uniwersytetu Jagiellońskiego.
    • p
    • Nazwa części/podserii/sekcji (P)
    • Prace Językoznawcze
    • x
    • ISSN
    • 0083-4378
    • v
    • Oznaczenie tomu (NP)
    • z. 65
    • 9
    • KHW
    • 17497
500 -Uwaga ogólna [ , ]
    • a
    • Uwaga ogólna (NP)
    • W serii gł.: nr 537.
504 -Uwaga dot. bibliogr. załącznikowej [ , ]
    • a
    • Uwaga dot. bibliografii załącznikowej
    • Bibliogr. s. [147]-151.
546 -Uwaga dot. języka [ , ]
    • a
    • Uwaga dot. języka
    • Streszcz. ang.
080 -Uniwersalna Klasyfikacja Dziesiętna [ , ]
    • 2
    • Identyfikator wydania tablic
    • UDC-P058
    • 9
    • UKD
    • 17498
    • a
    • Symbol klasyfikacji
    • 811.112.28'282
    • b
    • Dopowiedzenie
    • Język jidysz (żydowsko-niemiecki). Dialekty. Język lokalny i regionalny. Warianty językowe. Gwary i narzecza.
080 -Uniwersalna Klasyfikacja Dziesiętna [ , ]
    • 2
    • Identyfikator wydania tablic
    • UDC-P058
    • 9
    • UKD
    • 6487
    • a
    • Symbol klasyfikacji
    • 811.162.1'282
    • b
    • Dopowiedzenie
    • Język polski. - Dialekty. Język lokalny i regionalny. Warianty językowe. Gwary i narzecza.
080 -Uniwersalna Klasyfikacja Dziesiętna [ , ]
    • 2
    • Identyfikator wydania tablic
    • UDC-P058
    • 9
    • UKD
    • 3985
    • a
    • Symbol klasyfikacji
    • 398
    • b
    • Dopowiedzenie
    • Folklor. Tradycje ludowe
    • 4
    • UKD2
    • 8030
    • x
    • Poddział wspólny
    • (=411.16)
    • c
    • Dopowiedzenie poddz. wspólnego
    • (=Hebrajczycy. Żydzi).
    • 4
    • UKD2
    • 7642
    • x
    • Poddział wspólny
    • (438)
    • c
    • Dopowiedzenie poddz. wspólnego
    • (Polska).
650 -Hasło przedmiotowe [ ,7]
    • a
    • Hasło przedmiotowe
    • Język polski
    • x
    • Określnik rzeczowy
    • wpływ na język jidysz.
    • 2
    • Źródło terminu
    • kaba
    • 9
    • KHW
    • 414341
650 -Hasło przedmiotowe [ ,7]
    • a
    • Hasło przedmiotowe
    • Język jidysz
    • x
    • Określnik rzeczowy
    • wpływ na język polski.
    • 2
    • Źródło terminu
    • kaba
    • 9
    • KHW
    • 414342
650 -Hasło przedmiotowe [ ,7]
    • a
    • Hasło przedmiotowe
    • Języki w kontakcie
    • z
    • Określnik geograficzny
    • Polska Wschodnia.
    • 2
    • Źródło terminu
    • kaba
    • 9
    • KHW
    • 414340
980 -Symbol UKD [ , ]
    • a
    • UKD
    • 811.112.28'282:811.162.1'282:398(=411.16)(438)
710 -Hasło dodatkowe - nazwa ciała zbiorowego [2, ]
    • a
    • Nazwa ciała zbiorowego lub nazwa geograficzna jako pierwszy element (NP)
    • Państwowe Wydawnictwo Naukowe (1951-1992).
    • 4
    • Kod relacji
    • pbl
    • 9
    • KHW
    • 52048
800 -Hasło dodatkowe opisu książki wielotomowej - nazwa osobowa [1, ]
    • a
    • Nazwa osobowa (NP)
    • Strycharska-Brzezina, Maria
    • d
    • Daty biograficzne (NP)
    • (1940-2025).
    • t
    • Tytuł ujednolicony/tytuł (NP)
    • Języki mniejszości narodowych w tekstach literackich i folklorystycznych
    • 9
    • KHW
    • 414426
920 -ISBN [ , ]
    • a
    • ISBN
    • 83-01-01277-3 Find
931 -Powiązanie tyt. z wydaw. ciągłym [ , ]
    • a
    • Powiązanie tytułówki z wydaw. ciągłym
    • PATRZ WYDAWNICTWO CIĄGŁE
    • z
    • Numer rek. powiązanego
    • 119238
Status udost. Numer inwentarzowy Uwagi nie widoczne w OPAC Data inwentaryzacji Lokalizacja Sygnatura
-3W.80860retrokonwersja BG 
1Cg.7287retrokonwersja BGCg.123 (p.202)
1Pc.198retrokonwersja BMPc.40/65